000 00545nab a2200157Ia 4500
003 ES-SlBCS
005 20210601141302.0
008 140529s2003 xxu||||| |||| 00| 0 spa d
041 _aspa
100 1 _aMartín Gómez, Isabel
_9254223
245 0 0 _aCómo afrontar los conflictos en un contexto escolar de diversidad
_c Isabel Martín Gómez, Jesús Perdices Madrid
650 0 4 _aConflictos Escolares
_9209210
700 1 _aPerdices Madrid, Jesús
_9254224
773 0 _tEducación y Futuro
_gnº. 8, 2003, págs. 195-202
_wRev1173
942 _cAR
999 _c658240
_d658240